000 00266nam a22001097a 4500
008 160518b xxu||||| |||| 00| 0 eng d
020 _a9780323074056
041 _aeng
080 _a61
245 _aDiagnostic and laboratory test reference:
_cPagana;
942 _2udc
_cBK
999 _c2178
_d2178